000 00823nam a22002057a 4500
005 20240530110510.0
008 151021s2011 ua a g 000 p ara d
017 _a2011/16162
_bمصر . دار الكتب المصرية
040 _aEG-CaGPL
082 0 4 _221
_a811.084
_bق/م ط
100 0 _aمحمد عباس محفوظ المعلاوى .
245 1 0 _aطيور البهجة :
_bاشعار بالعامية المصرية مهداة لشهداء ثورة 25 يناير /
_cمحمد عباس محفوظ المعلاوى .
250 _aط1.
260 _aالقاهرة :
_bمكتبة جزيرة الورد ،
_c2011 .
300 _a120 ص ؛
_c24 سم .
650 0 4 _aثورة 25 يناير
_vشعر .
650 0 4 _aالشعر السياسى .
942 _2ddc
_cBK
999 _c61659
_d61659